000 00538nam a2200169Ia 4500
008 090201s9999 xx 000 0 und d
010 _aKPL-14387
040 _bमराठी
041 _aमराठी
082 _a3807
_b14387
100 _aसुमित्रा टिळक
245 _aसाहित्य दर्शन
_cसुमित्रा टिळक
260 _c1974
_bबुक कॉर्नर
300 _a250
_bमोठा
600 _aसाहित्य दर्शन
942 _cBOOK
999 _c204928
_d204928